000 01194cam a2200265 4500
001 ##L132063
008 051222n2004 000 0 eng u
020 _a0860176193
035 _a(Sirsi) u132063
041 0 _aeng
050 _a691 $2 18
100 1 _aChant-Hall, G.
245 0 0 _aSustainable construction
_bguidance for supply chain leaders
260 _aLondon
_bCIRIA
_c2004
300 _a152p.
_bill
_c30cm.
490 0 _aCIRIA
_vC619
490 0 _aCIRIA Research Project
_v642
520 _aReport following CIRIA Research Project 642 "Sustainable construction client award scheme". Features a framework based on "Sustainable construction company indicators" (CIRIA 563). Highlights the recommended approach to developing an award scheme based on sustainable construction, for construction supply companies and includes the case study examples of British Airport Authority, Thames Water and Network Rail.
690 _aBUILT ENVIRONMENT-SUSTAINABLE CONSTRUCTION
710 2 _aConstruction Industry Research and Information Association
_94810
710 2 _aThames Water
_94844
710 2 _aBritish Airports Authority
_94845
710 2 _aNetwork Rail
_94846
942 _n0
999 _c105000
_d105000